| 000 | 01373nam a2200397Ia 4500 | ||
|---|---|---|---|
| 001 | sjdsz9livm b1380817 | ||
| 003 | sjds | ||
| 005 | 20220808194626.0 | ||
| 008 | 930517s1992 mx a j 000 1 spa d | ||
| 020 | _a9686579206 | ||
| 020 | _a9789686579208 | ||
| 020 | _a7509965913828 | ||
| 024 |
_2UPC _a7509965913828 |
||
| 040 |
_aLIV _beng _cLIV |
||
| 041 | _aspa | ||
| 090 |
_ajSPAN PIC _bROB |
||
| 100 | 1 | _aRobleda Moguel, Margarita. | |
| 245 | 1 | 4 |
_aUna sorpresa para Ana Cristina / _cMargarita Robleda Moguel ; ilustraciones y portada Maribel Surez. |
| 246 | 3 | 0 | _aSurprise for Ana Cristina. |
| 246 | 3 | _aUna sorpresa para Ana Cristina. | |
| 250 | _aSpanish. | ||
| 264 | 1 |
_aMexico, D.F. : _bSitesa, _c2000, c1992. |
|
| 300 |
_a21 pages : _bcolor illustrations ; _c23 cm. |
||
| 336 |
_atext _btxt _2rdacontent. |
||
| 337 |
_aunmediated _bn _2rdamedia. |
||
| 338 |
_avolume _bnc _2rdacarrier. |
||
| 490 | 0 | _aNuevos cuentos para pulguitas. | |
| 520 | _aAna Cristina loves chocolate chip cookies so much, that she devises a way to get the cookie box that's just out of her reach. | ||
| 526 | 0 |
_aAccelerated Reader AR _bLG _c3.1 _d0.5 _z53828. |
|
| 650 | 1 |
_aSpanish language materials _vFiction. |
|
| 650 | 1 |
_aSurprise _vFiction. |
|
| 650 | 1 |
_aChocolate chip cookies _vFiction. |
|
| 655 | 7 |
_aFiction. _2lcgft. |
|
| 700 | 1 |
_aSurez, Maribel, _d1952- |
|
| 942 | _cBK | ||
| 999 |
_c27064 _d27064 |
||